Násilie v médiách

Bibliographic Details
Main Author: Petranová, Dana (Author)
Format: Book
Language:Slovak
PhysicalDescription:83 s. fotogr. 21 cm
Published: Trnava Univerzita sv. Cyrila a Metoda, Fakulta masmediálnej komunikácie 2013
ISBN:9788081054884
Edition:1. vyd.
Subjects:

MARC

LEADER 00000nam a22000005a 4500
001 vtls010534418
003 SK-MaSNL
005 20260301090120.0
008 240314s2013 xo o 000 0 slo
015 |a SNBA2013/08 
020 |a 9788081054884  |q (brož.) 
035 |a DF4C71F5-CF8E-41C8-96C2-C3370AD21BC3 
035 |a urn:nbn:sk:snk-aml09z 
035 |a urn:nbn:sk:snk-am008oih 
040 |a SNK  |b slo  |c SNK  |e AACR2 
041 0 |a slo 
044 |a xo  |c SK 
072 7 |a 659  |x Reklama. Public relations. Médiá  |2 konspekt 
080 |a 659.3:316.624  |2 2001 
080 |a (07)  |2 2001 
100 1 |a Petranová, Dana  |4 aut  |9 318158 
245 1 0 |a Násilie v médiách  |c Dana Petranová 
250 |a 1. vyd. 
260 |a Trnava  |b Univerzita sv. Cyrila a Metoda, Fakulta masmediálnej komunikácie  |c 2013 
300 |a 83 s.  |b fotogr.  |c 21 cm 
366 |e 150 výt. 
504 |a Bibliogr.: s. 77-83 
650 0 7 |a mediálne násilie  |2 SNKPH  |9 107291 
650 0 7 |a Violence in mass mediaiolence in mass media  |2 SNKPHeng  |9 417352 
655 7 |a učebné texty  |2 SNKPH  |9 70568 
655 7 |a Educational texts  |2 SNKPHeng  |9 277375 
852 |a Štátna vedecká knižnica v Banskej Bystrici 
919 |a 978-80-8105-488-4 
958 |a NB 
999 |c 667421  |d 669351 
952 |a SNK  |b SNK  |y PREZ  |7 0  |p 17A1081460  |o snkSC 155671  |i snk2013/18734  |8 0  |0 0  |1 0  |4 0  |d 2013-08-12  |f 1  |l 0  |r 2025-07-25 00:00:00  |w 2026-02-23 
952 |a SNK  |b SNK  |y VYP  |7 0  |p 17A1081461  |o snkSC 155671 D1  |i snk2013/18735  |8 0  |0 0  |1 0  |4 0  |d 2013-08-12  |l 0  |r 2026-02-23 19:15:03  |w 2026-02-23